Galatians / (Record no. 9610)

MARC details
000 -LEADER
fixed length control field 01353cam a2200325 i 4500
001 - CONTROL NUMBER
control field 17805772
003 - CONTROL NUMBER IDENTIFIER
control field GBCCL
005 - DATE AND TIME OF LATEST TRANSACTION
control field 20241126110715.0
008 - FIXED-LENGTH DATA ELEMENTS--GENERAL INFORMATION
fixed length control field 130709s2013 miub b 001 0 eng
010 ## -
-- 2013018569
020 ## - INTERNATIONAL STANDARD BOOK NUMBER
International Standard Book Number 9780801027543 (cloth)
040 ## - CATALOGING SOURCE
Original cataloging agency DLC
Language of cataloging eng
Transcribing agency DLC
Description conventions rda
Modifying agency DLC
042 ## -
-- pcc
050 00 -
-- BS2685.53
-- .M65 2013
082 00 - DEWEY DECIMAL CLASSIFICATION NUMBER
Classification number 225.77
-- 227.4077
Edition information 23
Item number BAK
100 1# - MAIN ENTRY--PERSONAL NAME
Personal name Moo, Douglas J.
9 (RLIN) 23
245 10 - TITLE STATEMENT
Title Galatians /
Statement of responsibility, etc. Douglas J. Moo.
264 #1 - PRODUCTION, PUBLICATION, DISTRIBUTION, MANUFACTURE, AND COPYRIGHT NOTICE
Place of production, publication, distribution, manufacture Grand Rapids, MI :
Name of producer, publisher, distributor, manufacturer Baker Academic,
Date of production, publication, distribution, manufacture, or copyright notice [2013]
300 ## - PHYSICAL DESCRIPTION
Extent xix, 469 pages :
Other physical details map ;
Dimensions 24 cm.
336 ## - CONTENT TYPE
Content type term text
Source rdacontent
337 ## - MEDIA TYPE
Media type term unmediated
Source rdamedia
338 ## - CARRIER TYPE
Carrier type term volume
Source rdacarrier
490 0# - SERIES STATEMENT
Series statement Baker exegetical commentary on the New Testament
504 ## - BIBLIOGRAPHY, ETC. NOTE
Bibliography, etc. note Includes bibliographical references and index.
505 0# - FORMATTED CONTENTS NOTE
Formatted contents note Introduction : the cross and the new age (1:1-10) -- The truth of the gospel (1:11-2:21) -- The defense of the gospel (3:1-5:12) -- The life of the gospel (5:13-6:10) -- Closing : cross and new creation (6:11-18).
630 00 - SUBJECT ADDED ENTRY--UNIFORM TITLE
Uniform title Bible.
Name of part/section of a work Galatians
Form subdivision Commentaries.
9 (RLIN) 9746
906 ## - LOCAL DATA ELEMENT F, LDF (RLIN)
a 7
b cbc
c orignew
d 1
e ecip
f 20
g y-gencatlg
942 ## - ADDED ENTRY ELEMENTS (KOHA)
Source of classification or shelving scheme Dewey Decimal Classification
Koha item type Reference Books
Holdings
Withdrawn status Lost status Source of classification or shelving scheme Damaged status Not for loan Home library Current Library Shelving location Date acquired Total checkouts Full call number Barcode Date last seen Copy number Price effective from Koha item type
    Dewey Decimal Classification     GRACE BIBLE COLLEGE GRACE BIBLE COLLEGE Commentary 2023-03-24   225.77 BAK 016144 2025-05-01 v.9 2023-03-24 Reference Books
© Grace Bible College Library 2025